000 00316nam a2200133Ia 4500
008 190723s9999 xx 000 0 und d
020 _a978-93-5129-794-9
100 _aDenise R.Ferrier
245 0 _aBio Chemistry
250 _a7th
260 _aphiladelphia
_bWolters kluwer
_c2017
300 _a563:p
942 _cBK
999 _c1548
_d1548